[Event "XtraCon-Skakligaen"]
[Site "Denmark"]
[Date "2011.01.16"]
[Round "5.3"]
[White "Kolbak, Jens"]
[Black "Hansen, Lars"]
[Result "1/2-1/2"]
[WhiteElo "2295"]
[BlackElo "2252"]
[PlyCount "84"]
[EventDate "2010.11.06"]
[EventType "team-tourn"]
[EventRounds "9"]
[WhiteTeam "Norresundby"]
[BlackTeam "SK1968"]
[WhiteTeamCountry "DEN"]
[BlackTeamCountry "DEN"]

1. f4 g6 2. Nf3 Bg7 3. g3 c5 4. Bg2 Nc6 5. O-O d6 6. d3 e5 7. Nc3 Nge7 8. e4
Nd4 9. Nd5 Nxd5 10. exd5 O-O 11. c3 Nxf3+ 12. Qxf3 f5 13. Be3 Bd7 14. Qf2 Bb5
15. Rfd1 exf4 16. gxf4 Re8 17. Bf1 Qe7 18. Re1 Qf7 19. c4 Ba6 20. Kh1 Qf6 21.
Rab1 Re7 22. a3 Rae8 23. b4 b6 24. Bd2 Qd4 25. Qxd4 Bxd4 26. Kg2 Rxe1 27. Rxe1
Rxe1 28. Bxe1 Bb2 29. a4 Bc8 30. b5 Kf7 31. a5 h6 32. axb6 axb6 33. Bd2 Bf6 34.
Be2 Ke7 35. h3 g5 36. Kg3 Bd7 37. Be3 Be8 38. Bd2 gxf4+ 39. Bxf4 Be5 40. h4 Kf6
41. h5 Bf7 42. Bf3 Be8 1/2-1/2

[Event "XtraCon-Skakligaen"]
[Site "Denmark"]
[Date "2011.01.16"]
[Round "5.4"]
[White "Bank, Pelle Rodkjaer"]
[Black "Jorgensen, Jorgen"]
[Result "0-1"]
[WhiteElo "2245"]
[BlackElo "2276"]
[PlyCount "54"]
[EventDate "2010.11.06"]
[EventType "team-tourn"]
[EventRounds "9"]
[WhiteTeam "SK1968"]
[BlackTeam "Norresundby"]
[WhiteTeamCountry "DEN"]
[BlackTeamCountry "DEN"]

1. g3 g6 2. Bg2 Bg7 3. e4 c5 4. d3 Nc6 5. f4 d6 6. Nf3 e5 7. O-O Nge7 8. Na3
O-O 9. c3 Rb8 10. f5 gxf5 11. Nh4 fxe4 12. dxe4 b5 13. Nf5 Nxf5 14. exf5 Na5
15. g4 Bb7 16. Bxb7 Rxb7 17. g5 f6 18. Qd5+ Kh8 19. g6 Rg8 20. Rf3 Bf8 21. Rh3
Qc8 22. Qf3 Rgg7 23. Bh6 Rge7 24. Bg5 fxg5 25. f6 g4 26. f7 gxh3 27. Rf1 Re6
0-1

[Event "XtraCon-Skakligaen"]
[Site "Denmark"]
[Date "2011.01.16"]
[Round "5.5"]
[White "Willumsen, Henrik"]
[Black "Lindfeldt, Jan Magnus"]
[Result "0-1"]
[WhiteElo "2173"]
[BlackElo "2225"]
[PlyCount "70"]
[EventDate "2010.11.06"]
[EventType "team-tourn"]
[EventRounds "9"]
[WhiteTeam "Norresundby"]
[BlackTeam "SK1968"]
[WhiteTeamCountry "DEN"]
[BlackTeamCountry "DEN"]

1. e4 e5 2. Nf3 Nc6 3. Bb5 a6 4. Ba4 Nf6 5. O-O Be7 6. Re1 b5 7. Bb3 d6 8. c3
O-O 9. d3 Na5 10. Bc2 c5 11. Nbd2 Nc6 12. Nf1 d5 13. exd5 Qxd5 14. Ne3 Qd6 15.
a4 Rb8 16. axb5 axb5 17. Qe2 h6 18. h3 Qc7 19. Bb3 Rd8 20. Nh4 Bf8 21. Ng4 Nxg4
22. hxg4 Qd7 23. Qf3 Bb7 24. Re4 Ra8 25. Rxa8 Rxa8 26. Kh2 Ra1 27. Be3 Na5 28.
Bc2 Bxe4 29. dxe4 g6 30. b4 cxb4 31. cxb4 Nc4 32. Bb3 Be7 33. Bxh6 Bxh4 34. g5
Qd2 35. g3 Bxg5 0-1

[Event "XtraCon-Skakligaen"]
[Site "Denmark"]
[Date "2011.01.16"]
[Round "5.6"]
[White "Andersen, Lars Ren"]
[Black "Nielsen, John Bauneborg"]
[Result "0-1"]
[WhiteElo "2132"]
[BlackElo "2148"]
[PlyCount "140"]
[EventDate "2010.11.06"]
[EventType "team-tourn"]
[EventRounds "9"]
[WhiteTeam "SK1968"]
[BlackTeam "Norresundby"]
[WhiteTeamCountry "DEN"]
[BlackTeamCountry "DEN"]

1. c4 f5 2. g3 Nf6 3. Bg2 g6 4. Nc3 Bg7 5. d4 O-O 6. Nf3 d6 7. O-O Qe8 8. d5
Na6 9. e4 fxe4 10. Ng5 Bg4 11. Qd2 Nc5 12. Ncxe4 Ncxe4 13. Nxe4 Nxe4 14. Bxe4
Qd7 15. Qc2 Bf3 16. Bd2 Qg4 17. Bxf3 Rxf3 18. Rae1 Raf8 19. Rxe7 Qh3 20. Qe4
Be5 21. Rxe5 dxe5 22. Qxe5 Qf5 23. Qxf5 R3xf5 24. h4 Rd8 25. Re1 Kf7 26. Bf4 c6
27. Bc7 Re8 28. Rd1 cxd5 29. cxd5 Ke7 30. Bf4 Kd7 31. Kf1 Rc8 32. Rd2 Rc5 33.
d6 Rxf4 34. gxf4 Rc4 35. Kg2 Rxf4 36. Kg3 Rf6 37. h5 gxh5 38. Kh4 Rf5 39. a3 a5
40. Kg3 Rf6 41. Rd5 h4+ 42. Kg2 b6 43. Rh5 Rf4 44. Rh6 Rd4 45. Kf3 Rd3+ 46. Ke4
Rb3 47. f4 Rxb2 48. Rxh7+ Kxd6 49. Rxh4 Rb3 50. f5 Rxa3 51. Rh6+ Kc5 52. f6 Ra1
53. Rh5+ Kc4 54. Rf5 Re1+ 55. Kf4 Re8 56. Re5 Rf8 57. Re4+ Kc3 58. Re3+ Kd2 59.
Re6 b5 60. Ra6 b4 61. Ke4 b3 62. Rxa5 Rxf6 63. Rd5+ Kc3 64. Rd3+ Kc2 65. Rd8
Rb6 66. Rc8+ Kd2 67. Rd8+ Ke2 68. Rh8 Rb4+ 69. Kd5 b2 70. Rh2+ Kf3 0-1

[Event "XtraCon-Skakligaen"]
[Site "Denmark"]
[Date "2011.01.16"]
[Round "5.7"]
[White "Olesen, Poul Erik Norgaard"]
[Black "Hansen, Bjarne"]
[Result "0-1"]
[WhiteElo "2106"]
[BlackElo "2238"]
[PlyCount "136"]
[EventDate "2010.11.06"]
[EventType "team-tourn"]
[EventRounds "9"]
[WhiteTeam "Norresundby"]
[BlackTeam "SK1968"]
[WhiteTeamCountry "DEN"]
[BlackTeamCountry "DEN"]

1. e4 Nf6 2. Nc3 d5 3. exd5 Nxd5 4. Bc4 Nb6 5. Bb3 Nc6 6. a4 a5 7. Nf3 Bf5 8.
d3 e6 9. h3 Bb4 10. Bd2 O-O 11. O-O h6 12. Re1 Nd7 13. Ne4 Bxe4 14. dxe4 Bxd2
15. Qxd2 Nde5 16. Qf4 Nxf3+ 17. Qxf3 Qd4 18. Rab1 Qb4 19. Qc3 Qxc3 20. bxc3
Rfd8 21. Rbd1 g5 22. g3 Kf8 23. Kf1 Rd6 24. Rxd6 cxd6 25. Rd1 Ke7 26. Ke2 Rc8
27. f4 Nb8 28. Rd3 Nd7 29. Re3 Nc5 30. Kf3 Rg8 31. Re1 gxf4 32. gxf4 h5 33. Kf2
h4 34. Re3 Rg3 35. c4 b6 36. Ke2 Rg2+ 37. Kf3 Rh2 38. Kg4 Nxe4 39. f5 Nf6+ 40.
Kxh4 e5 41. Kg3 Rd2 42. Rd3 Re2 43. Kf3 Re4 44. Kg3 Nh5+ 45. Kf2 Rf4+ 46. Rf3
Kf6 47. c3 Kxf5 48. c5 Rxf3+ 49. Kxf3 bxc5 50. Bxf7 Nf4 51. h4 e4+ 52. Kf2 Nd3+
53. Ke3 Ne5 54. Bd5 Ng4+ 55. Ke2 Kf4 56. c4 Nh6 57. Be6 Ke5 58. Bh3 d5 59. cxd5
Kxd5 60. Ke3 Ke5 61. Bc8 c4 62. h5 c3 63. Bh3 Nf5+ 64. Ke2 Ng3+ 65. Kd1 Nxh5
66. Kc2 Kd4 67. Bf5 Nf6 68. Bg6 Nd5 0-1

[Event "XtraCon-Skakligaen"]
[Site "Denmark"]
[Date "2011.01.16"]
[Round "5.8"]
[White "Nielsen, Soren Holst"]
[Black "Christiansen, Jens Jorgen"]
[Result "0-1"]
[WhiteElo "2213"]
[BlackElo "2136"]
[PlyCount "86"]
[EventDate "2010.11.06"]
[EventType "team-tourn"]
[EventRounds "9"]
[WhiteTeam "SK1968"]
[BlackTeam "Norresundby"]
[WhiteTeamCountry "DEN"]
[BlackTeamCountry "DEN"]

1. e4 c6 2. d3 d5 3. Nd2 e5 4. Ngf3 Bd6 5. Qe2 Qe7 6. d4 exd4 7. exd5 cxd5 8.
Nxd4 Nc6 9. N2b3 a6 10. Bg5 Qxe2+ 11. Bxe2 h6 12. Be3 Nf6 13. h3 O-O 14. O-O-O
Re8 15. g4 Ne4 16. h4 Ng3 17. Rhg1 Nxd4 18. Nxd4 Nxe2+ 19. Nxe2 Be6 20. Nd4 Bc5
21. Rd3 Rac8 22. f4 Bd7 23. Kd2 Re4 24. Rg3 Rce8 25. g5 h5 26. c3 Bg4 27. Nc2
Bd6 28. Rd4 Rxd4+ 29. Nxd4 Re4 30. Nc2 Bxf4 31. Bxf4 Rxf4 32. Ne3 Be6 33. g6
Rxh4 34. gxf7+ Kxf7 35. Rf3+ Ke7 36. Rg3 Kf7 37. Rf3+ Kg8 38. Rf2 d4 39. cxd4
Rxd4+ 40. Kc3 Rd6 41. Rh2 g6 42. b4 b5 43. a3 Kg7 0-1

[Event "XtraCon-Skakligaen"]
[Site "Denmark"]
[Date "2011.01.30"]
[Round "6.1"]
[White "Teplyi, Igor"]
[Black "Matthiesen, Arne"]
[Result "1-0"]
[WhiteElo "2394"]
[BlackElo "2315"]
[PlyCount "66"]
[EventDate "2010.11.06"]
[EventType "team-tourn"]
[EventRounds "9"]
[WhiteTeam "Nordre"]
[BlackTeam "SK1968"]
[WhiteTeamCountry "DEN"]
[BlackTeamCountry "DEN"]

1. d4 Nf6 2. c4 g6 3. Nc3 Bg7 4. e4 d6 5. Nf3 O-O 6. Be2 c5 7. d5 e6 8. O-O Re8
9. Nd2 Na6 10. Re1 Nc7 11. a4 Na6 12. Bd3 Nb4 13. Bb1 b6 14. Ra3 a6 15. Nf1
exd5 16. cxd5 Rb8 17. Bg5 h6 18. Bh4 Qc7 19. f4 c4 20. e5 Nh5 21. f5 Rxe5 22.
Rxe5 Bxe5 23. fxg6 Nf4 24. gxf7+ Qxf7 25. Ne3 b5 26. axb5 axb5 27. Nxb5 Bd7 28.
Nc3 Nbd3 29. Nxc4 Nxb2 30. Nxe5 Nxd1 31. Nxf7 Nxc3 32. Nxh6+ Kg7 33. Bf5 Bxf5
1-0

[Event "XtraCon-Skakligaen"]
[Site "Denmark"]
[Date "2011.01.30"]
[Round "6.2"]
[White "Matthiesen, Martin"]
[Black "Veng, Johny"]
[Result "0-1"]
[WhiteElo "2271"]
[BlackElo "2297"]
[PlyCount "84"]
[EventDate "2010.11.06"]
[EventType "team-tourn"]
[EventRounds "9"]
[WhiteTeam "SK1968"]
[BlackTeam "Nordre"]
[WhiteTeamCountry "DEN"]
[BlackTeamCountry "DEN"]

1. Nf3 Nf6 2. c4 g6 3. g3 Bg7 4. Bg2 d5 5. cxd5 Nxd5 6. d4 Nb6 7. Nc3 Nc6 8. e3
O-O 9. O-O Re8 10. Re1 a5 11. Ng5 e5 12. d5 Qxg5 13. dxc6 Rd8 14. Qc2 bxc6 15.
Bxc6 Rb8 16. Bg2 Ba6 17. e4 Qe7 18. Bf1 Bxf1 19. Rxf1 Qb4 20. Bg5 Rd7 21. b3 h6
22. Be3 Rbd8 23. Bxb6 cxb6 24. Nd5 Qd6 25. Rac1 Bf8 26. Qc6 Kg7 27. Qb5 Qe6 28.
Rc6 Rd6 29. Rfc1 Qg4 30. Qd3 Rxc6 31. Rxc6 Bc5 32. Kg2 Qd7 33. Qb5 Qg4 34. f3
Qg5 35. Qe2 Qc1 36. Kh3 Qg5 37. f4 exf4 38. gxf4 Qg1 39. Qf3 h5 40. Rc7 Re8 41.
a4 Rxe4 42. Rd7 Rd4 0-1

[Event "XtraCon-Skakligaen"]
[Site "Denmark"]
[Date "2011.01.30"]
[Round "6.3"]
[White "Petersen, Tom Petri"]
[Black "Hansen, Lars"]
[Result "1/2-1/2"]
[WhiteElo "2301"]
[BlackElo "2252"]
[PlyCount "82"]
[EventDate "2010.11.06"]
[EventType "team-tourn"]
[EventRounds "9"]
[WhiteTeam "Nordre"]
[BlackTeam "SK1968"]
[WhiteTeamCountry "DEN"]
[BlackTeamCountry "DEN"]

1. c4 Nf6 2. g3 c6 3. Bg2 d5 4. cxd5 cxd5 5. Nf3 Nc6 6. O-O Bg4 7. d3 e6 8. Qa4
Be7 9. Bg5 Bh5 10. Nc3 O-O 11. Rac1 h6 12. Bf4 Qd7 13. Rfe1 Rac8 14. a3 Bc5 15.
b4 Bb6 16. b5 Bxf3 17. bxc6 Rxc6 18. Bxf3 Rxc3 19. Qxd7 Rxc1 20. Qxf7+ Kxf7 21.
Rxc1 Ke7 22. Be5 Bxf2+ 23. Kxf2 Ng4+ 24. Kg2 Nxe5 25. Rc7+ Kf6 26. Rxb7 Rf7 27.
Rxf7+ Kxf7 28. Kf2 Ke7 29. Ke3 Kd6 30. Kd4 a5 31. Bh5 g6 32. Bf3 Nc6+ 33. Kc3
Kc5 34. Bg4 e5 35. e3 d4+ 36. Kd2 Ne7 37. Be6 Nf5 38. e4 Nd6 39. Bd7 Nb5 40.
Bxb5 Kxb5 41. Kc2 Ka4 1/2-1/2

[Event "XtraCon-Skakligaen"]
[Site "Denmark"]
[Date "2011.01.30"]
[Round "6.5"]
[White "Christensen, Jan Schleicher"]
[Black "Lindfeldt, Jan Magnus"]
[Result "1/2-1/2"]
[WhiteElo "2229"]
[BlackElo "2225"]
[PlyCount "128"]
[EventDate "2010.11.06"]
[EventType "team-tourn"]
[EventRounds "9"]
[WhiteTeam "Nordre"]
[BlackTeam "SK1968"]
[WhiteTeamCountry "DEN"]
[BlackTeamCountry "DEN"]

1. d4 Nf6 2. Nf3 g6 3. Nc3 Bg7 4. e4 O-O 5. e5 Ne8 6. Bc4 c6 7. h4 d5 8. Be2 c5
9. dxc5 Nc7 10. h5 d4 11. hxg6 hxg6 12. Ne4 Nc6 13. Bh6 Bxh6 14. Rxh6 Kg7 15.
Qd2 Rh8 16. Rxh8 Qxh8 17. O-O-O Qh6 18. Nfg5 Ne6 19. f4 Nxg5 20. Nxg5 Be6 21.
Bf3 Rd8 22. g4 Rh8 23. Bxc6 bxc6 24. Nxe6+ fxe6 25. Qxd4 Rf8 26. g5 Qh2 27. Rf1
Qe2 28. Qf2 Qc4 29. Kb1 Rh8 30. b3 Qd5 31. Kc1 Rh3 32. Rd1 Qe4 33. Qd2 Rh4 34.
Kb1 Kf7 35. Rf1 Rg4 36. Qd3 Qg2 37. Qf3 Ke8 38. Kb2 Qxf3 39. Rxf3 Kd7 40. b4
Kc7 41. Rf2 Rh4 42. Kb3 Rh3+ 43. c3 Rh1 44. Kc4 Rd1 45. a4 Ra1 46. Kb3 a6 47.
Rf3 Rb1+ 48. Kc4 Ra1 49. a5 Rh1 50. Kd4 Rd1+ 51. Ke4 Rh1 52. Rg3 Rh2 53. Kf3
Kd7 54. Kg4 Rh1 55. Rh3 Rxh3 56. Kxh3 Kc7 57. Kg3 Kb7 58. Kf3 Kc7 59. Ke4 Kc8
60. Kd4 Kb7 61. Kc4 Kc7 62. Kb3 Kb7 63. c4 Kc7 64. b5 Kb7 1/2-1/2

[Event "XtraCon-Skakligaen"]
[Site "Denmark"]
[Date "2011.01.30"]
[Round "6.7"]
[White "Holst, Per"]
[Black "Sorensen, Kristine Thornvig"]
[Result "1/2-1/2"]
[WhiteElo "2129"]
[BlackElo "2113"]
[PlyCount "59"]
[EventDate "2010.11.06"]
[EventType "team-tourn"]
[EventRounds "9"]
[WhiteTeam "Nordre"]
[BlackTeam "SK1968"]
[WhiteTeamCountry "DEN"]
[BlackTeamCountry "DEN"]

1. d4 f5 2. g3 Nf6 3. Bg2 g6 4. Nf3 Bg7 5. c3 c6 6. O-O O-O 7. Nbd2 d5 8. Ne5
Be6 9. Ndf3 Ne4 10. Bf4 Qb6 11. Qb3 Qxb3 12. axb3 Nd7 13. Nxd7 Bxd7 14. Be5 Bf6
15. Rfd1 Be6 16. b4 Nd6 17. Bxf6 exf6 18. Ne1 a6 19. Nd3 Rae8 20. e3 Bc8 21.
Nc5 Re7 22. Rdc1 g5 23. b3 f4 24. exf4 gxf4 25. Re1 Rfe8 26. Rxe7 Rxe7 27. gxf4
Re2 28. Rc1 Rb2 29. Bf3 Bh3 30. Bd1 1/2-1/2

[Event "XtraCon-Skakligaen"]
[Site "Denmark"]
[Date "2011.01.30"]
[Round "6.8"]
[White "Larsen, Pelle O"]
[Black "Pedersen, Karl"]
[Result "1-0"]
[WhiteElo "2144"]
[BlackElo "2254"]
[PlyCount "93"]
[EventDate "2010.11.06"]
[EventType "team-tourn"]
[EventRounds "9"]
[WhiteTeam "SK1968"]
[BlackTeam "Nordre"]
[WhiteTeamCountry "DEN"]
[BlackTeamCountry "DEN"]

1. Nf3 Nf6 2. c4 g6 3. b4 a5 4. b5 Bg7 5. Bb2 O-O 6. d4 d5 7. e3 Nbd7 8. Nbd2
c5 9. bxc6 bxc6 10. Be2 a4 11. Rc1 Ba6 12. O-O Qb8 13. Ba3 Re8 14. Rb1 Qc7 15.
cxd5 Nxd5 16. Bxa6 Rxa6 17. Qc2 e5 18. Nc4 exd4 19. Nd6 Rb8 20. Rxb8+ Qxb8 21.
exd4 Bf8 22. Nc4 Bxa3 23. Nxa3 N7f6 24. Rb1 Rb6 25. Rxb6 Qxb6 26. Qxa4 Qb2 27.
Nc2 Nc3 28. Qb3 Qc1+ 29. Nce1 Nfe4 30. g3 Kg7 31. Kg2 Ne2 32. Qe3 Qxe3 33. fxe3
N2c3 34. a3 c5 35. Nd3 c4 36. Nde5 Nd6 37. Nd2 Ndb5 38. Ndxc4 f6 39. Nd7 Kf7
40. Nc5 Ke7 41. Kf3 Nd6 42. Nxd6 Kxd6 43. a4 Kc6 44. h4 f5 45. a5 Kb5 46. a6
Kb6 47. Nd7+ 1-0

[Event "XtraCon-Skakligaen"]
[Site "Denmark"]
[Date "2011.01.30"]
[Round "6.1"]
[White "Danielsen, Henrik"]
[Black "Bekker Jensen, Simon"]
[Result "1-0"]
[WhiteElo "2516"]
[BlackElo "2397"]
[PlyCount "103"]
[EventDate "2010.11.06"]
[EventType "team-tourn"]
[EventRounds "9"]
[WhiteTeam "BMS"]
[BlackTeam "Bronshoj"]
[WhiteTeamCountry "DEN"]
[BlackTeamCountry "DEN"]

1. f4 g6 2. Nf3 Bg7 3. g3 d5 4. Bg2 Nh6 5. d3 d4 6. c3 c5 7. O-O Nf5 8. e4 dxe3
9. Na3 Nc6 10. Nc4 O-O 11. Re1 Qc7 12. Bxe3 Nxe3 13. Rxe3 Be6 14. Rxe6 fxe6 15.
Ng5 Qd7 16. Qe2 Nd8 17. Bh3 Kh8 18. Re1 Bf6 19. Bxe6 Nxe6 20. Nxe6 Rfc8 21. Ne5
Qe8 22. g4 Kg8 23. Qe4 Bxe5 24. Qxe5 Qf7 25. Ng5 Qf6 26. Qd5+ Kh8 27. Qf3 Rc7
28. Re6 Qg7 29. Qe3 b6 30. Re5 Rd7 31. Ne6 Qf6 32. Qe4 Rc8 33. g5 Qf7 34. f5
Rd6 35. Nf4 Rf8 36. Qb7 gxf5 37. Rxe7 Qg8 38. h4 Re8 39. Qxa7 h6 40. Kf2 hxg5
41. hxg5 Rdd8 42. g6 Rxe7 43. Qxe7 Re8 44. Qg5 Qg7 45. Nd5 Re6 46. Qd8+ Qg8 47.
Qh4+ Kg7 48. Nf4 Rc6 49. Qg5 Qf8 50. Qg2 Qd6 51. Qh2 Qe7 52. Qh7+ 1-0

[Event "XtraCon-Skakligaen"]
[Site "Denmark"]
[Date "2011.01.30"]
[Round "6.2"]
[White "Hoi, Carsten"]
[Black "Mikkelsen, Nikolaj"]
[Result "1-0"]
[WhiteElo "2413"]
[BlackElo "2416"]
[PlyCount "97"]
[EventDate "2010.11.06"]
[EventType "team-tourn"]
[EventRounds "9"]
[WhiteTeam "Bronshoj"]
[BlackTeam "BMS"]
[WhiteTeamCountry "DEN"]
[BlackTeamCountry "DEN"]

1. d4 Nf6 2. Nf3 g6 3. c4 Bg7 4. Nc3 d5 5. Bg5 Ne4 6. Bh4 c5 7. cxd5 Nxc3 8.
bxc3 Qxd5 9. e3 cxd4 10. cxd4 Nc6 11. Be2 e5 12. dxe5 Qa5+ 13. Qd2 Qxd2+ 14.
Kxd2 O-O 15. Rab1 Nxe5 16. Nd4 Nc6 17. Nxc6 bxc6 18. Rhc1 Be6 19. Bc4 Bc8 20.
h3 Re8 21. g4 h6 22. Bb3 g5 23. Bg3 Ba6 24. Bc4 Rad8+ 25. Ke2 Bc8 26. Rd1 Rxd1
27. Rxd1 h5 28. f3 h4 29. Bc7 Be6 30. Bxe6 Rxe6 31. Rd8+ Kh7 32. Rd7 c5 33.
Rxf7 Kh8 34. Kd3 c4+ 35. Kxc4 Rxe3 36. Bd8 Ra3 37. Bxg5 Kg8 38. Rf5 Rxa2 39.
Bxh4 a5 40. Bf6 Bxf6 41. Rxf6 Kg7 42. Rf5 Ra1 43. h4 Kh6 44. h5 a4 45. Kb4 a3
46. Kb3 Kg7 47. f4 Kh7 48. g5 Kh8 49. g6 1-0

[Event "XtraCon-Skakligaen"]
[Site "Denmark"]
[Date "2011.01.30"]
[Round "6.3"]
[White "Kristiansen, Jens"]
[Black "Bromann, Thorbjorn"]
[Result "1/2-1/2"]
[WhiteElo "2421"]
[BlackElo "2433"]
[PlyCount "61"]
[EventDate "2010.11.06"]
[EventType "team-tourn"]
[EventRounds "9"]
[WhiteTeam "BMS"]
[BlackTeam "Bronshoj"]
[WhiteTeamCountry "DEN"]
[BlackTeamCountry "DEN"]

1. e4 e6 2. d3 d5 3. Nd2 c5 4. Ngf3 Nc6 5. g3 g6 6. Bg2 Bg7 7. O-O Nge7 8. Re1
b6 9. c3 O-O 10. Qe2 Qc7 11. h4 dxe4 12. dxe4 a5 13. a4 Ba6 14. Nc4 Rad8 15.
Bf4 e5 16. Be3 Nc8 17. h5 Nd6 18. Nfd2 Qe7 19. hxg6 hxg6 20. b3 Nd4 21. cxd4
cxd4 22. Bf1 Nxc4 23. Nxc4 Bxc4 24. Qxc4 dxe3 25. Rxe3 Rd4 26. Qe2 Rfd8 27. Qf3
Qf6 28. Qg4 Bh6 29. Rf3 Qg5 30. Qxg5 Bxg5 31. Bc4 1/2-1/2

[Event "XtraCon-Skakligaen"]
[Site "Denmark"]
[Date "2011.01.30"]
[Round "6.4"]
[White "Palm, Nikolaj"]
[Black "Brinck Claussen, Bjorn"]
[Result "1/2-1/2"]
[WhiteElo "2275"]
[BlackElo "2262"]
[PlyCount "31"]
[EventDate "2010.11.06"]
[EventType "team-tourn"]
[EventRounds "9"]
[WhiteTeam "Bronshoj"]
[BlackTeam "BMS"]
[WhiteTeamCountry "DEN"]
[BlackTeamCountry "DEN"]

1. d4 Nf6 2. c4 c5 3. e3 g6 4. Nf3 Bg7 5. Nc3 O-O 6. Be2 d5 7. O-O cxd4 8. exd4
Nc6 9. c5 Ne4 10. Be3 b6 11. cxb6 Nxc3 12. bxc3 axb6 13. Bb5 Na5 14. Qe2 Qc7
15. Rfc1 Nc4 16. Bg5 1/2-1/2

[Event "XtraCon-Skakligaen"]
[Site "Denmark"]
[Date "2011.01.30"]
[Round "6.5"]
[White "Nielsen, Thomas Bach"]
[Black "Petersen, Steen"]
[Result "0-1"]
[WhiteElo "2227"]
[BlackElo "2164"]
[PlyCount "98"]
[EventDate "2010.11.06"]
[EventType "team-tourn"]
[EventRounds "9"]
[WhiteTeam "BMS"]
[BlackTeam "Bronshoj"]
[WhiteTeamCountry "DEN"]
[BlackTeamCountry "DEN"]

1. d4 d5 2. c4 Bf5 3. Nc3 e6 4. cxd5 exd5 5. Nf3 c6 6. Bg5 Nf6 7. e3 Nbd7 8.
Bd3 Bxd3 9. Qxd3 Bd6 10. O-O O-O 11. Rab1 Qe7 12. Qf5 a5 13. e4 dxe4 14. Rfe1
Bb4 15. Rxe4 Qd8 16. Rh4 g6 17. Qh3 Qc8 18. Ne4 Be7 19. Ne5 Nxe5 20. dxe5 Qxh3
21. Rxh3 Nxe4 22. Bxe7 Rfe8 23. Bd6 Rad8 24. Bc7 Rd7 25. Bxa5 Rxe5 26. Be1 Nd2
27. Rc1 Re2 28. Re3 Rxe3 29. fxe3 Ne4 30. Kf1 f5 31. Ke2 Kf7 32. Rd1 Rxd1 33.
Kxd1 Ke6 34. Ke2 Kd5 35. Kd3 Nc5+ 36. Ke2 Ke4 37. b3 Nd3 38. Bd2 Ne5 39. h3 Nd3
40. Kd1 Nc5 41. Ke2 Ne6 42. Bc1 Nc7 43. Bb2 Nd5 44. g3 Nxe3 45. Bc1 Nd5 46. Bd2
f4 47. Kf2 f3 48. Be1 Ne3 49. a4 Nd1+ 0-1

[Event "XtraCon-Skakligaen"]
[Site "Denmark"]
[Date "2011.01.30"]
[Round "6.7"]
[White "Akdag, Dara Sevkan"]
[Black "Yssing, Klaus"]
[Result "1-0"]
[WhiteElo "2174"]
[BlackElo "2091"]
[PlyCount "65"]
[EventDate "2010.11.06"]
[EventType "team-tourn"]
[EventRounds "9"]
[WhiteTeam "BMS"]
[BlackTeam "Bronshoj"]
[WhiteTeamCountry "DEN"]
[BlackTeamCountry "DEN"]

1. d4 f5 2. c4 Nf6 3. Nc3 e6 4. Nf3 d5 5. g3 c6 6. Bg2 Bd6 7. Bf4 Bxf4 8. gxf4
O-O 9. Ne5 Bd7 10. Qb3 Qb6 11. O-O Qxb3 12. axb3 Be8 13. b4 Nbd7 14. b5 Nxe5
15. fxe5 Ne4 16. Bxe4 fxe4 17. bxc6 bxc6 18. Ra6 Rb8 19. Na4 Bh5 20. Re1 dxc4
21. Nc5 Rxb2 22. Rxc6 Rxe2 23. Rxe2 Bxe2 24. Nxe6 Rb8 25. Kg2 h6 26. d5 Rb6 27.
Rc8+ Kf7 28. Rc7+ Kg8 29. d6 Bf3+ 30. Kg3 Rb3 31. d7 Be2+ 32. Kf4 g5+ 33. Kxe4
1-0

[Event "XtraCon-Skakligaen"]
[Site "Denmark"]
[Date "2011.01.30"]
[Round "6.8"]
[White "Treppendahl, Trine"]
[Black "Rostgaard, Tobias Valentin"]
[Result "0-1"]
[WhiteElo "2007"]
[BlackElo "2126"]
[PlyCount "66"]
[EventDate "2010.11.06"]
[EventType "team-tourn"]
[EventRounds "9"]
[WhiteTeam "Bronshoj"]
[BlackTeam "BMS"]
[WhiteTeamCountry "DEN"]
[BlackTeamCountry "DEN"]

1. d4 Nf6 2. Nf3 c5 3. c3 e6 4. Bf4 Nc6 5. e3 d5 6. Nbd2 Be7 7. Bd3 O-O 8. Ne5
Bd7 9. Qf3 Rc8 10. Qh3 a6 11. g4 g6 12. O-O b5 13. Ndf3 Ne4 14. Qh6 Be8 15. h4
f6 16. Nxc6 Rxc6 17. g5 Rf7 18. Bxe4 dxe4 19. gxf6 Bf8 20. Qg5 exf3 21. Be5 h6
22. Qg4 Rxf6 23. Bxf6 Qxf6 24. dxc5 Rxc5 25. Rad1 Rh5 26. Rd4 e5 27. Rd2 Rxh4
28. Qg3 h5 29. Rfd1 Rg4 30. Qxg4 hxg4 31. Rd8 Qh4 32. Rxe8 Qh3 33. Rdd8 Qg2#
0-1

[Event "XtraCon-Skakligaen"]
[Site "Denmark"]
[Date "2011.01.30"]
[Round "6.2"]
[White "Pedersen, Christian Kyndel"]
[Black "Kolbak, Jens"]
[Result "1-0"]
[WhiteElo "2435"]
[BlackElo "2295"]
[PlyCount "89"]
[EventDate "2010.11.06"]
[EventType "team-tourn"]
[EventRounds "9"]
[WhiteTeam "Jetsmark"]
[BlackTeam "Norresundby"]
[WhiteTeamCountry "DEN"]
[BlackTeamCountry "DEN"]

1. e4 c6 2. d4 d5 3. Nc3 dxe4 4. Nxe4 Nf6 5. Nxf6+ exf6 6. c3 Bd6 7. Bd3 O-O 8.
Qc2 g6 9. Ne2 Qc7 10. h4 Bg4 11. f3 Be6 12. h5 f5 13. Bh6 Re8 14. hxg6 fxg6 15.
O-O-O Qf7 16. g4 f4 17. Qd2 Bxa2 18. Nxf4 Nd7 19. Nh3 Bd5 20. Ng5 Bf4 21. Nxf7
Bxd2+ 22. Rxd2 Bxf7 23. Rdh2 a5 24. Bf4 Nf8 25. Bd6 Rad8 26. Bxf8 Kxf8 27. Rxh7
Re3 28. Be4 Re2 29. Rh8+ Ke7 30. Rxd8 Kxd8 31. Rh8+ Ke7 32. Ra8 Kd6 33. Rxa5 b5
34. Ra7 Bd5 35. Rg7 Bxe4 36. fxe4 Rxe4 37. Rxg6+ Kd5 38. Kc2 Re2+ 39. Kb3 Rg2
40. Rg8 b4 41. Rg5+ Kd6 42. c4 Rd2 43. Rg6+ Kd7 44. Kxb4 Rxd4 45. Kc5 1-0

[Event "XtraCon-Skakligaen"]
[Site "Denmark"]
[Date "2011.01.30"]
[Round "6.3"]
[White "Jorgensen, Jorgen"]
[Black "Glud, Jakob Vang"]
[Result "0-1"]
[WhiteElo "2276"]
[BlackElo "2474"]
[PlyCount "104"]
[EventDate "2010.11.06"]
[EventType "team-tourn"]
[EventRounds "9"]
[WhiteTeam "Norresundby"]
[BlackTeam "Jetsmark"]
[WhiteTeamCountry "DEN"]
[BlackTeamCountry "DEN"]

1. d4 Nf6 2. c4 e6 3. Nf3 d5 4. g3 c6 5. b3 b5 6. Bg2 Nbd7 7. O-O bxc4 8. bxc4
Ba6 9. Nbd2 Qa5 10. Re1 Bb4 11. cxd5 cxd5 12. Nb3 Qa4 13. Bd2 Ba3 14. Bc1 Be7
15. Ne5 O-O 16. Nxd7 Nxd7 17. e4 Bb4 18. Bd2 dxe4 19. Bxe4 Rad8 20. Bxb4 Qxb4
21. Qc2 Nf6 22. Qc5 Qb6 23. Bg2 Rd6 24. Rac1 Rfd8 25. Qxb6 axb6 26. a4 g6 27.
h3 Nd5 28. Bxd5 Rxd5 29. Rc7 R5d7 30. Rc6 Rd6 31. Rc7 R8d7 32. Rec1 Bb7 33.
Rxd7 Rxd7 34. g4 Bd5 35. Nd2 Ra7 36. Ra1 Ra5 37. Rb1 Rxa4 38. Rxb6 Rxd4 39. Rb2
g5 40. Kh2 h5 41. gxh5 Rh4 42. Nf1 f5 43. Ne3 Be4 44. Rb8+ Kg7 45. Re8 Kf6 46.
Rf8+ Ke5 47. Rh8 g4 48. Ng2 Rxh3+ 49. Kg1 f4 50. Rg8 Bf3 51. Rh8 g3 52. h6 Rh2
0-1

[Event "XtraCon-Skakligaen"]
[Site "Denmark"]
[Date "2011.01.30"]
[Round "6.4"]
[White "Christensen, Stefan"]
[Black "Willumsen, Henrik"]
[Result "1-0"]
[WhiteElo "2262"]
[BlackElo "2173"]
[PlyCount "69"]
[EventDate "2010.11.06"]
[EventType "team-tourn"]
[EventRounds "9"]
[WhiteTeam "Jetsmark"]
[BlackTeam "Norresundby"]
[WhiteTeamCountry "DEN"]
[BlackTeamCountry "DEN"]

1. e4 c5 2. c3 Nf6 3. e5 Nd5 4. d4 cxd4 5. Nf3 Nc6 6. Bc4 Nb6 7. Bb3 d5 8. exd6
Qxd6 9. O-O Be6 10. Bxe6 Qxe6 11. Nxd4 Nxd4 12. Qxd4 Rd8 13. Qh4 g6 14. Na3 Bg7
15. Be3 O-O 16. Rfe1 Qf5 17. Bxb6 axb6 18. Qxe7 Rd2 19. Re2 Rfd8 20. Nc4 Bf8
21. Qe3 R2d3 22. Qe5 Qg4 23. b3 Bg7 24. h3 Qc8 25. Qe4 Bxc3 26. Rf1 Rd1 27.
Rxd1 Rxd1+ 28. Kh2 Qc7+ 29. g3 h5 30. Qe8+ Kg7 31. Re7 Qc6 32. Rxf7+ Kh6 33.
Qf8+ Kg5 34. h4+ Kg4 35. Rf4# 1-0